000 01091cab a22002055a 4500
001 L148655
008 091015e20091009xxko f 000 0 eng d
035 _a(Sirsi) u148655
041 0 _aeng
100 1 _aUnger, Paul
245 0 0 _aMarkets
_bMerseyside
260 _c2009
490 0 _aProperty Week
_v75(41) 9 October 2009, 45-58(6)
520 _aRevisits three Liverpool city centre schemes launched in the boom that did not make it off the drawing board: Y1 Tower, Albany Building and Huntsmere's Aura scheme. Langtree is set to restore Liverpool's International Garden Festival site. The construction of the Port of Liverpool's SuperPort is one of four initiatives in a 20-year plan to develop Liverpool's economy. Will Peel's Wirral Waters' shopping centre detract from Birkenhead, the Wirral's traditional capital? Merseyside's industrial market is being lifted by 1m sq ft of sheds being under offer in the area and Cheshire.
590 _aKA
651 4 _aLiverpool
651 4 _aMerseyside
690 _aPROPERTY-COMMERCIAL PROPERTY-COMMERCIAL PROPERTY MARKET
942 _n0
999 _c81918
_d81918